000 00546nam a22001817a 4500
003 OSt
005 20250507122637.0
008 250507b |||||||| |||| 00| 0 eng d
020 _a9783540360292
040 _crda
100 _a J.J Welfens, Paul.,
_eEditors
_9754935
245 _aDigital Economics Dynamics:
_bInnovations, Networks and Regulations
_cBy Paul J.J,Welfens and Mathians Weske
260 _aGermany
_bSpringer
_c2007
300 _a209P
650 _2Economic
700 _aWeske,Mathias.,
_eEditor
_9754936
942 _2CC
_cGB
_n0
999 _c1312979
_d1312979